The collected writings of W. E. Vine; vol. 1. (Record no. 13984)

000 -LEADER
fixed length control field 00595nam a2200181 a 4500
001 - CONTROL NUMBER
control field :::00011808$&:&@@
003 - CONTROL NUMBER IDENTIFIER
control field OkBaRHE
005 - DATE AND TIME OF LATEST TRANSACTION
control field 20000831152919.0
008 - FIXED-LENGTH DATA ELEMENTS--GENERAL INFORMATION
fixed length control field j 000 0 eng u
040 ## - CATALOGING SOURCE
Transcribing agency
245 14 - TITLE STATEMENT
Title The collected writings of W. E. Vine; vol. 1.
260 ## - PUBLICATION, DISTRIBUTION, ETC. (IMPRINT)
Place of publication, distribution, etc Glasgow, UK:ST., :
Name of publisher, distributor, etc Gospel Tract Publications
300 ## - PHYSICAL DESCRIPTION
Extent v. (1-5) ;
Dimensions 23 cm.
650 ## - SUBJECT ADDED ENTRY--TOPICAL TERM
Topical term or geographic name as entry element Theology
General subdivision Collected Works
-- 20th Century
700 ## - ADDED ENTRY--PERSONAL NAME
Personal name Vine, William Edwyn, 1873-1949.
942 ## - ADDED ENTRY ELEMENTS (KOHA)
Source of classification or shelving scheme
Koha item type Books
Copies
Full call number Koha item type Copy number Damaged status Date acquired Withdrawn status Lost status Barcode Not for loan Source of classification or shelving scheme Shelving location Permanent Location Date last seen Price effective from
BX 8217 .V5Books1 2010-04-14  11808  General StacksRHEMA Bible Training College2010-04-142010-04-14